Didáctica de la historia
Guardat en:
| Autor principal: | |
|---|---|
| Format: | Llibre |
| Idioma: | espanyol |
| Publicat: |
Ciudad de México
Luis Fernández
1956
|
| Col·lecció: | Ensayos Pedagógicos, 14
|
| Matèries: | |
| Etiquetes: |
Afegir etiqueta
Sense etiquetes, Sigues el primer a etiquetar aquest registre!
|
MARC
| LEADER | 00000nam a2200000 a 4500 | ||
|---|---|---|---|
| 001 | UCU0845 | ||
| 003 | CL-VaPUC | ||
| 008 | 960329e19560000MX |||||||||||||||||spa|d | ||
| 082 | 0 | 4 | |a 907 |b MIR |2 21 |
| 100 | |a Miranda Basurto, Angel |e autor |9 356285 | ||
| 245 | 1 | 0 | |a Didáctica de la historia |
| 300 | |a 133 p | ||
| 942 | |c BK | ||
| 945 | |d 19960329 00:00:00 |a cmena | ||
| 260 | |a Ciudad de México |b Luis Fernández |c 1956 | ||
| 650 | 0 | |a Historia |9 255047 | |
| 650 | 0 | |a Enseñanza de la historia |9 307330 | |
| 650 | 0 | |a Currículo |9 307290 | |
| 650 | 0 | |a Métodos de enseñanza |9 270413 | |
| 583 | |a last modification |c 19960329 00:00:00 |k Rodrigo Vera | ||
| 490 | 0 | |a Ensayos Pedagógicos, 14 | |
| 999 | |c 245628 |d 245626 | ||
| 952 | |0 0 |1 0 |4 0 |6 907_000000000000000_MIR_1956 |7 0 |8 P |9 260197 |a BIBEDU |b BIBEDU |d 2019-11-19 |i 1635018 |o 907 MIR 1956 |p 1635018 |r 2019-11-19 |w 2019-11-19 |y BK |k EDU | ||